000
00244nam a2200097Ia 4500
001
889732
005
20250826182918.0
008
250824s9999 xx 000 0 und d
245
0
_a
MRS. DALLOWAY
_c
VIRGINIA WOOLF
260
_b
KIRMIZI KEDİ YAYINLARI
999
_c
889732
_d
889732